Tìm hiểu phong thổ học qua quan niệm triết Đông /

Zapisane w:
Opis bibliograficzny
1. autor: Mộng Bình Sơn.
Format: Sách giấy
Język:Vietnamese
Wydane: H. : Văn hoá - Thông tin, 2002.
Hasła przedmiotowe:
Etykiety: Dodaj etykietę
Nie ma etykietki, Dołącz pierwszą etykiete!
Thư viện lưu trữ: Thư viện Trường Đại học Đà Lạt
LEADER 00820nam a2200325 4500
001 DLU090103230
003 ##DLU
005 ##20091230
008 ##021230t vn z000 vie d
040 # # |a DLU  |b vie 
041 # # |a vie 
044 # # |a vn 
082 # # |a 133.333  |b MO-S 
100 # # |a Mộng Bình Sơn. 
245 # # |a Tìm hiểu phong thổ học qua quan niệm triết Đông /  |c Mộng Bình Sơn. 
260 # # |a H. :  |b Văn hoá - Thông tin,  |c 2002. 
300 # # |a 279 tr. ;  |c 19 cm. 
653 # # |a Phong thổ học 
653 # # |a Triết học phương Đông 
923 # # |a 15/2009 
991 # # |a SH 
992 # # |a 27000 
994 # # |a DLU 
900 # # |a True 
911 # # |a Đào Thị Thu Huyền 
925 # # |a G 
926 # # |a A 
927 # # |a SH 
980 # # |a Thư viện Trường Đại học Đà Lạt